000 00692nam a2200289Ia 4500
005 20260324111800.0
008 008 260324s9999 xx 000 0 eng d
020 _a9781003588481
037 _aEBOOK
040 _aCRL
040 _beng
040 _cCRL
041 _2eng
041 _aeng
084 _qCRL
100 _aRichard H. McCuen
_91139994
245 0 _aProfessional Development and Career Planning
245 0 _bGuidance for STEM Careers
260 _bTaylor and Francis
260 _c2025
365 _a
365 _b210
856 _uhttp://www.taylorfrancis.com/books/9781003588481
942 _cEBOOK
999 _c1728915
_d1728915